Enviromental Studies:Looking Around-IV (Record no. 4300)

MARC details
000 -LEADER
fixed length control field 00228nam a22000857a 4500
008 - FIXED-LENGTH DATA ELEMENTS--GENERAL INFORMATION
fixed length control field 161129b xxu||||| |||| 00| 0 eng d
100 ## - MAIN ENTRY--PERSONAL NAME
9 (RLIN) 1570
Personal name NCERT
245 ## - TITLE STATEMENT
Title Enviromental Studies:Looking Around-IV
260 ## - PUBLICATION, DISTRIBUTION, ETC. (IMPRINT)
Place of publication, distribution, etc. New Delhi
Name of publisher, distributor, etc. NCERT
Date of publication, distribution, etc. 2007
Holdings
Withdrawn status Lost status Source of classification or shelving scheme Damaged status Koha normalized classification for sorting Not for loan Home library Current library Shelving location Date acquired Total Checkouts Full call number Barcode Date last seen Price effective from Koha item type
    Dewey Decimal Classification   300_000000000000000   Good Samaritan School Library Good Samaritan School Library Social Science 11/29/2016   300 NCE5095 11/29/2016 11/29/2016 BOOK
    Dewey Decimal Classification   300_000000000000000   Good Samaritan School Library Good Samaritan School Library Social Science 11/29/2016   300 NCE5096 11/29/2016 11/29/2016 BOOK
    Dewey Decimal Classification   300_000000000000000   Good Samaritan School Library Good Samaritan School Library Social Science 11/29/2016   300 NCE5097 11/29/2016 11/29/2016 BOOK
    Dewey Decimal Classification   300_000000000000000   Good Samaritan School Library Good Samaritan School Library Social Science 11/29/2016   300 NCE5098 11/29/2016 11/29/2016 BOOK

Powered by Koha